Biblioteca

Jewish backgrounds of the New Testament (Registro nro. 68753)

Detalles MARC
000 -LÍDER
Campo fijo de descripción fija 01669nam a2200325 i 4500
001 - NÚMERO DE CONTROL
Campo de control 768714001
003 - IDENTIFICADOR DEL NÚMERO DE CONTROL
Campo de control CO-MdFUSB
005 - FECHA Y HORA DE LA ULTIMA TRANSACCIÓN
control field 20230420111013.0
007 - CAMPO FIJO DE DESCRIPCIÓN FIJA--INFORMACIÓN GENERAL
Campo fijo de descripción fija ta
008 - ELEMENTOS DE LONGITUD FIJA -- INFORMACIÓN GENERAL
Campo fijo de descripción fija -- Información general 000407t20001995miu b 001 | eng
020 ## - NÚMERO INTERNACIONAL NORMALIZADO PARA LIBROS
Número Internacional Normalizado del libro 0801022401
040 ## - FUENTE DE CATALOGACIÓN
Agencia de catalogación original DLC
Agencia que realiza la transcripción CO-MdFUSB
Agencia que realiza la modificación CO-MdFUSB
Idioma de catalogación spa
Convenciones de la descripción rda
041 ## - CÓDIGO DE IDIOMA
Código de idioma para texto/pista de sonido o título separado eng
082 ## - NÚMERO DE CLASIFICACIÓN DECIMAL DEWEY
Número de la edición del Dewey 23
Número de clasificación 296.0901
Clave de autor-Numero de item SCO427j
100 1# - ASIENTO PRINCIPAL--NOMBRE PERSONAL
Nombre personal Scott, J. Julius.
Término relacionador autor
240 10 - TITULO UNIFORME
Título uniforme <a href="Customs and controversies">Customs and controversies</a>
245 10 - TÍTULO
Título del Material Jewish backgrounds of the New Testament
Mención de responsabilidad, etc. / J. Julius Scott, Jr.
264 #1 - PRODUCCIÓN, PUBLICACIÓN, DISTRIBUCIÓN, MANUFACTURA, Y COPYRIGHT
Lugar de producción, publicación, distribución, manufactura Grand Rapids, Mich. :
Nombre del productor, publicador, distribuidor Baker Books,
Fecha de producción, publicación, distribución, manufactura, o copyright [1995]
264 #4 - PRODUCCIÓN, PUBLICACIÓN, DISTRIBUCIÓN, MANUFACTURA, Y COPYRIGHT
Fecha de producción, publicación, distribución, manufactura, o copyright © 1995
300 ## - DESCRIPCIÓN FÍSICA
Extensión 416 páginas :
Dimensiones 23 cm.
336 ## - TIPO DE CONTENIDO
Fuente rdacontent
Término de tipo de contenido texto
Código de tipo de contenido txt
337 ## - TIPO DE MEDIO
Fuente rdamedia
Nombre del tipo de medio sin mediación
Código del tipo de medio n
338 ## - TIPO DE SOPORTE
Fuente rdacarrier
Nombre del tipo de soporte volumen
Código Tipo de soporte nc
505 ## - NOTA DE CONTENIDO
Nota de contenido con formato preestablecido Fuentes de información -- La geografía de la tierra de Israel -- Un estudio del Antiguo Testamento -- Ideas e instituciones del Antiguo Testamento -- Un estudio de la historia del judaísmo intertestamentario y del Nuevo Testamento -- Crisis de los siglos VI y IV -- La respuesta general del judaísmo intertestamentario a las crisis -- Intentos intertestamentarios de reconstruir las instituciones tradicionales (del Antiguo Testamento) -- Escribas y tradición -- Apocalíptico --Divisiones, sectas y partidos -- Vida común en el Israel del primer siglo -- Pensamiento religioso del judaísmo intertestamentario -- la edad final -- el reino de dios -- La esperanza mesiánica -- Pacto y ley en la era final -- Actitudes judías intertestamentarias hacia los gentiles <br/>
563 ## - NOTA DE ENCUADERNACIÓN
Nota de encuadernación Rustico
650 #7 - ASIENTO SECUNDARIO DE MATERIA - TERMINO TEMÁTICO
Término temático o nombre geográfico como elemento de entrada Judaísmo
9 (RLIN) 6881
942 ## - TIPO DE MATERIAL (KOHA)
Tipo de Item KOHA Libros General
945 ## - INFORMACIÓN LOCAL DEL REGISTRO
Catalogador Mag 1104
Existencias
Estado de Material Estado de Perdido Forma de Clasificación Estado de Dañado No para Préstamo Colección Biblioteca de Origen Biblioteca Permanente Fecha de Adquisición Área Total de Préstamos Signatura Topográfica Código de Barras Última vez visto Ejemplar/Existencia Fecha de Remplazo Tipo de Material
    Dewey Decimal Classification     Colección General Biblioteca FUSBC Biblioteca FUSBC 20/04/2023 BIBLIA   G 296.0901 SCO427j 24087 20/04/2023 Ej. 1 20/04/2023 Libros General

Biblioteca FUSBC | Teléfono: (57+4) 349 88 10 Ext. 141| WhatsApp (+57) 3005338115 
E-mail: biblioteca@unisbc.edu.co | Calle 76 87-14 Robledo Palenque, Medellín, Colombia

Con tecnología Koha